Psychology (Record no. 29657)
[ view plain ]
| 000 -LEADER | |
|---|---|
| fixed length control field | 01142nam a2200217 4500 |
| 003 - CONTROL NUMBER IDENTIFIER | |
| control field | CUTN |
| 005 - DATE AND TIME OF LATEST TRANSACTION | |
| control field | 20190817165140.0 |
| 008 - FIXED-LENGTH DATA ELEMENTS--GENERAL INFORMATION | |
| fixed length control field | 190817b ||||| |||| 00| 0 eng d |
| 020 ## - INTERNATIONAL STANDARD BOOK NUMBER | |
| International Standard Book Number | 9781292159713 |
| 041 ## - LANGUAGE CODE | |
| Language | English |
| 082 ## - DEWEY DECIMAL CLASSIFICATION NUMBER | |
| Edition number | 5th Edition |
| Classification number | 150 |
| Item number | CIC |
| 100 ## - MAIN ENTRY--PERSONAL NAME | |
| Personal name | Ciccarelli,Saundra K |
| 245 ## - TITLE STATEMENT | |
| Title | Psychology |
| 260 ## - PUBLICATION, DISTRIBUTION, ETC. (IMPRINT) | |
| Place of publication, distribution, etc | NY, NY : |
| Name of publisher, distributor, etc | Pearson, |
| Date of publication, distribution, etc | 2018. |
| 440 ## - SERIES STATEMENT/ADDED ENTRY--TITLE | |
| Title | Psychology |
| 505 ## - FORMATTED CONTENTS NOTE | |
| Contents | Introduction: Psychology in Action1. The Science of Psychology2. The Biological Perspective3. Sensation and Perception4. Consciousness5. Learning6. Memory7. Cognition: Thinking, Intelligence, and Language8. Development Across the Life Span9. Motivation and Emotion10. Sexuality and Gender11. Stress and Health12. Social Psychology13. Theories of Personality14. Psychological Disorders15. Psychological TherapiesAppendix A: Statistics in PsychologyAppendix B: Applied Psychology and Psychology CareersAppendix C: Experiment Simulations<br/> |
| Title | The Science of Psychology |
| -- | Social Psychology |
| -- | . Psychological TherapiesAppendix |
| 650 ## - SUBJECT ADDED ENTRY--TOPICAL TERM | |
| Topical term or geographic name as entry element | Psychology. |
| 650 ## - SUBJECT ADDED ENTRY--TOPICAL TERM | |
| Topical term or geographic name as entry element | PSYCHOLOGY / Reference. |
| 700 ## - ADDED ENTRY--PERSONAL NAME | |
| Personal name | White,.J Noland. |
| 942 ## - ADDED ENTRY ELEMENTS (KOHA) | |
| Source of classification or shelving scheme | Dewey Decimal Classification |
| Koha item type | General Books |
| Withdrawn status | Lost status | Source of classification or shelving scheme | Damaged status | Not for loan | Collection code | Home library | Location | Shelving location | Date of Cataloging | Total Checkouts | Full call number | Barcode | Date last seen | Date checked out | Price effective from | Koha item type | Total Renewals |
|---|---|---|---|---|---|---|---|---|---|---|---|---|---|---|---|---|---|
| Dewey Decimal Classification | Non-fiction | CUTN Central Library | CUTN Central Library | Generalia | 17/08/2019 | 3 | 150 CIC | 37683 | 12/12/2023 | 25/11/2023 | 17/08/2019 | General Books | |||||
| Dewey Decimal Classification | Non-fiction | CUTN Central Library | CUTN Central Library | Philosophy & psychology | 21/08/2019 | 1 | 150 CIC | 37679 | 12/01/2022 | 27/02/2020 | 21/08/2019 | General Books | 2 |
